000 00401nas a2200157 a 4500
001 68319
003 141614
005 20201118110523.0
008 ||||||n9999 ||| || ||
041 _aspa
245 0 _aBeijing Informa - No.42
260 _aChina :
_bCorporacion China de Comercio Internacional del Libro,
_c1995.
562 _e1
773 _017606
_aBeijing Informa :
942 _cSISS
999 _c68319
_d68319